000 00622nam a22002177a 4500
005 20251108164644.0
008 250721s1971 xx 000 0 ara d
082 1 4 _a811.909/قبش
100 1 _aقبش، أحمد
245 1 0 _aتاريخ الشعر العربي الحديث /
264 1 _aبيروت :
_bدار الجيل،
_c1971.
300 _a827ص.
650 1 7 _aالشعر العربي
650 1 7 _aالعصر الحديث
650 1 7 _aالتاريخ الأدبي
650 1 7 _aالنقد الأدبي
650 1 7 _aالأدباء
650 1 7 _aالتراجم
942 _2ddc
_cREF
999 _c11070
_d11070